| 000 | 00348 a2200157 4500 | ||
|---|---|---|---|
| 001 | 192574 | ||
| 020 | _a978-0-521-75247-3 | ||
| 040 | _cMagnum | ||
| 100 | _aHallworth, Grace | ||
| 240 | 1 | 0 |
_aDancing to the river _lpor |
| 245 | 1 | 0 | _aDancing to the river |
| 300 | _a24 | ||
| 362 | 0 | _a2004 | |
| 697 | _aLITERATURA INFANTIL INGLESA | ||
| 942 | _cBK | ||
| 999 |
_c192574 _d192574 |
||